[Event "Agen 2017 - Open D"]
[Site "?"]
[Date "2017.08.21"]
[Round "3.3"]
[White "Guillaume, Mathieu"]
[Black "Normand, Nicolas"]
[Result "0-1"]
[LiveChessVersion "1.4.8"]
[BlackElo "1495"]
[WhiteElo "1421"]

1. e4 {[%clk 1:30:43]} e5 {[%clk 1:22:50]} 2. Nf3 {[%clk 1:30:24]} Nc6
{[%clk 1:23:13]} 3. d4 {[%clk 1:29:27]} exd4 {[%clk 1:16:40]} 4. Nxd4
{[%clk 1:29:39]} Nxd4 {[%clk 1:03:44]} 5. Qxd4 {[%clk 1:29:55]} Qf6
{[%clk 0:57:14]} 6. e5 {[%clk 1:10:41]} Qc6 {[%clk 0:53:04]} 7. Nc3
{[%clk 0:58:15]} Bc5 {[%clk 0:49:02]} 8. Qd3 {[%clk 0:37:54]} Ne7
{[%clk 0:48:27]} 9. Be3 {[%clk 0:30:01]} Bb4 {[%clk 0:37:37]} 10. Bd2
{[%clk 0:25:10]} d6 {[%clk 0:33:39]} 11. exd6 {[%clk 0:21:59]} Bxd6
{[%clk 0:31:54]} 12. Qb5 {[%clk 0:18:49]} Bd7 {[%clk 0:31:35]} 13. Qxc6
{[%clk 0:17:42]} Bxc6 {[%clk 0:31:37]} 14. Bc4 {[%clk 0:16:24]} O-O
{[%clk 0:16:05]} 15. O-O {[%clk 0:14:56]} Rad8 {[%clk 0:16:02]} 16. Rad1
{[%clk 0:10:38]} a6 {[%clk 0:15:25]} 17. a4 {[%clk 0:09:57]} Be5 {[%clk 0:14:03]}
18. b3 {[%clk 0:08:30]} Rd7 {[%clk 0:11:29]} 19. Bd3 {[%clk 0:06:11]} Rfd8
{[%clk 0:11:27]} 20. Rfe1 {[%clk 0:05:03]} Bf6 {[%clk 0:10:02]} 21. Re2
{[%clk 0:04:55]} g6 {[%clk 0:09:13]} 22. Rde1 {[%clk 0:04:22]} b5
{[%clk 0:07:23]} 23. Bh6 {[%clk 0:01:17]} Bxc3 {[%clk 0:07:22]} 24. Rxe7
{[%clk 0:00:36]} Bxe1 {[%clk 0:07:23]} 25. Rxe1 {[%clk 0:00:54]} bxa4
{[%clk 0:05:30]} 26. bxa4 {[%clk 0:00:36]} Bxa4 {[%clk 0:05:38]} 27. h3
{[%clk 0:00:38]} Bb5 {[%clk 0:05:45]} 28. Bxb5 {[%clk 0:00:36]} axb5
{[%clk 0:06:07]} 29. Bg5 {[%clk 0:00:32]} Rd1 {[%clk 0:05:51]} 0-1

[Event "Agen 2017 - Open D"]
[Site "?"]
[Date "2017.08.21"]
[Round "3.4"]
[White "Croisille, Shanti"]
[Black "Jarrier, Francis"]
[Result "1/2-1/2"]
[LiveChessVersion "1.4.8"]
[BlackElo "1494"]
[WhiteElo "1412"]

1. e4 {[%clk 1:30:59]} c5 {[%clk 1:30:56]} 2. Nf3 {[%clk 1:31:24]} a6
{[%clk 1:31:22]} 3. d4 {[%clk 1:31:44]} cxd4 {[%clk 1:31:26]} 4. Nxd4
{[%clk 1:32:08]} Nf6 {[%clk 1:31:47]} 5. Nc3 {[%clk 1:32:32]} e5 {[%clk 1:31:40]}
6. Nb3 {[%clk 1:32:50]} Bb4 {[%clk 1:31:34]} 7. f3 {[%clk 1:31:29]} O-O
{[%clk 1:30:56]} 8. Bd2 {[%clk 1:30:14]} Bxc3 {[%clk 1:29:38]} 9. Bxc3
{[%clk 1:30:18]} Nxe4 {[%clk 1:29:23]} 10. Bxe5 {[%clk 1:23:05]} Re8
{[%clk 1:26:09]} 11. fxe4 {[%clk 1:16:52]} Rxe5 {[%clk 1:25:53]} 12. Bd3
{[%clk 1:15:08]} Nc6 {[%clk 1:19:26]} 13. O-O {[%clk 1:13:39]} d6
{[%clk 1:14:46]} 14. Qd2 {[%clk 1:07:01]} Bg4 {[%clk 1:10:39]} 15. Qf4
{[%clk 1:06:02]} Bh5 {[%clk 1:10:44]} 16. Bc4 {[%clk 1:05:46]} Qe7
{[%clk 1:10:07]} 17. Rfe1 {[%clk 0:52:57]} Re8 {[%clk 1:07:32]} 18. Bd3
{[%clk 0:48:20]} d5 {[%clk 1:05:27]} 19. Nd2 {[%clk 0:47:07]} dxe4 20. Rxe4
{[%clk 0:41:26]} Rxe4 {[%clk 0:56:08]} 21. Nxe4 {[%clk 0:39:17]} Ne5
{[%clk 0:52:03]} 22. Re1 {[%clk 0:37:21]} Nxd3 {[%clk 0:51:41]} 23. Nf6+
{[%clk 0:37:19]} gxf6 24. Qg3+ Bg6 25. Rxe7 Rxe7 {[%clk 0:50:19]} 26. cxd3
{[%clk 0:37:27]} h6 {[%clk 0:49:20]} 27. d4 {[%clk 0:33:41]} Kg7 {[%clk 0:45:07]}
28. d5 {[%clk 0:32:25]} Re5 {[%clk 0:44:39]} 29. d6 {[%clk 0:29:34]} Rd5
{[%clk 0:43:59]} 30. h4 {[%clk 0:26:09]} h5 {[%clk 0:43:58]} 31. a4
{[%clk 0:25:21]} Rd4 {[%clk 0:43:40]} 32. a5 {[%clk 0:24:56]} Kf8
{[%clk 0:42:28]} 33. Qa3 {[%clk 0:24:48]} Ke8 {[%clk 0:42:16]} 34. Kh2
{[%clk 0:23:41]} Kd7 {[%clk 0:42:02]} 35. Qf3 {[%clk 0:19:12]} Rxd6
{[%clk 0:28:08]} 36. Qxb7+ {[%clk 0:19:26]} Ke6 {[%clk 0:28:26]} 37. Qc8+
{[%clk 0:19:14]} Ke7 {[%clk 0:24:59]} 38. Qb7+ {[%clk 0:17:41]} Ke6
{[%clk 0:25:27]} 39. Qc8+ {[%clk 0:18:02]} Ke7 {[%clk 0:25:56]} 40. Qb7+ Bd3 41.
b4+ Ke6 42. Qc8+ 1/2-1/2

[Event "Champ France Acc"]
[Site "Agen"]
[Date "2017/08/21"]
[Round "3"]
[White "LOISEAU Quentin"]
[Black "PUCHER Sebastien"]
[Result "1/2-1/2"]
[WhiteElo "2425"]
[BlackElo "2360"]
[TimeControl "900"]

1. d4 d5
2. c4 dxc4
3. Nf3 Nf6
4. e3 Bg4
5. Bxc4 e6
6. h3 Bh5
7. Nbd2 Nbd7
8. b3 a6
9. Bb2 c5
10. Be2 cxd4
11. Bxd4 Bc5
12. Bb2 O-O
13. O-O Nd5
14. Nc4 f6
15. Nd4 Bxe2
16. Qxe2 Qe7
17. Rfd1 N7b6
18. Nxb6 Nxb6
19. Rac1 Rac8
20. Qf3 Bxd4
21. Bxd4 Rxc1
22. Rxc1 Rc8
23. Qd1 Rxc1
24. Qxc1 Nd5
25. e4 Nc7
26. Bb6 Ne8
27. Qc8 Kf7
28. Bd8 Nd6
29. Bxe7 Nxc8
30. Bc5 Ne7
31. Kf1 Nc6
32. Ke2 b5
33. Kd3 h5
34. a4 Ne5+
35. Kc3 Nc6
36. f3 Kg6
37. Be3 Kf7
38. Bc5 Kg6
39. Bd6 Kf7
40. g4 g6
41. a5 1/2-1/2

[Event "Champ France Acc"]
[Site "Agen"]
[Date "2017/08/21"]
[Round "3"]
[White "POTTIER Simeon"]
[Black "DEMUTH Adrien"]
[Result "0-1"]
[WhiteElo "2006"]
[BlackElo "2540"]
[TimeControl "900"]

1. d4 Nf6
2. c4 e6
3. Nc3 Bb4
4. e3 O-O
5. Nge2 c6
6. a3 Ba5
7. b4 Bc7
8. Ng3 d5
9. Be2 dxc4
10. Bxc4 a5
11. b5 Nbd7
12. O-O e5
13. a4 exd4
14. exd4 Nb6
15. Be2 Nfd5
16. Nxd5 cxd5
17. Nh5 Re8
18. Nf4 Qf6
19. Nh5 Qe7
20. Bf3 Bf5
21. Bf4 Bxf4
22. Nxf4 Qd6
23. g3 Be4
24. Nd3 Bxf3
25. Qxf3 Re4
26. Nc5 Rxd4
27. Rfc1 Nc4
28. Nb3 Re4
29. Rd1 Rae8
30. Qd3 Nb2
31. Qxd5 Qxd5
32. Rxd5 b6
33. Rd4 Rxd4
34. Nxd4 Re4
35. Ra2 Nd3
36. Re2 f5
37. Rxe4 fxe4
38. Ne2 Kf7
39. Nc3 Ke6
40. Kf1 Ke5
41. Ke2 Kd4 0-1

[Event "Agen 2017 National"]
[Site "?"]
[Date "2017.08.22"]
[Round "4.1"]
[White "Bacrot, Etienne"]
[Black "Jolly, Jean-Francois"]
[Result "1/2-1/2"]
[BlackElo "2381"]
[WhiteElo "2715"]
[LiveChessVersion "1.4.8"]

1. e4 {[%clk 1:28:47]} e5 {[%clk 1:29:37]} 2. Nf3 {[%clk 1:29:11]} Nc6
{[%clk 1:30:00]} 3. Bb5 {[%clk 1:29:36]} a6 {[%clk 1:30:25]} 4. Ba4
{[%clk 1:30:02]} Nf6 {[%clk 1:30:50]} 5. O-O {[%clk 1:30:27]} Be7
{[%clk 1:31:16]} 6. d3 {[%clk 1:30:49]} b5 {[%clk 1:31:40]} 7. Bb3
{[%clk 1:31:15]} d6 {[%clk 1:32:04]} 8. a3 {[%clk 1:31:40]} Na5 {[%clk 1:32:29]}
9. Ba2 {[%clk 1:32:05]} c5 {[%clk 1:32:53]} 10. Nc3 {[%clk 1:32:28]} Be6
{[%clk 1:33:18]} 11. Nh4 {[%clk 1:31:54]} O-O {[%clk 1:33:06]} 12. Nf5
{[%clk 1:31:30]} Nc6 {[%clk 1:32:57]} 13. Nd5 {[%clk 1:31:43]} Bxf5
{[%clk 1:33:02]} 14. exf5 {[%clk 1:31:50]} Nxd5 {[%clk 1:33:18]} 15. Bxd5
{[%clk 1:32:12]} Rc8 {[%clk 1:33:43]} 16. a4 {[%clk 1:18:33]} b4 {[%clk 1:25:48]}
17. c3 {[%clk 1:07:26]} a5 {[%clk 1:23:55]} 18. Qf3 {[%clk 1:05:40]} Qd7
{[%clk 1:23:53]} 19. g4 {[%clk 1:02:44]} h6 {[%clk 0:56:34]} 20. Qg2
{[%clk 0:35:56]} Bg5 {[%clk 0:35:18]} 21. f4 {[%clk 0:35:51]} exf4
{[%clk 0:35:29]} 22. Bxf4 {[%clk 0:33:44]} Ne5 {[%clk 0:28:29]} 23. Qg3
{[%clk 0:27:48]} Qd8 {[%clk 0:26:22]} 24. Kh1 {[%clk 0:20:57]} Re8
{[%clk 0:24:52]} 25. d4 {[%clk 0:17:38]} cxd4 {[%clk 0:24:05]} 26. cxd4
{[%clk 0:18:06]} Nc4 {[%clk 0:22:33]} 27. f6 {[%clk 0:12:07]} Nb6
{[%clk 0:16:55]} 28. Bxg5 {[%clk 0:07:28]} Nxd5 {[%clk 0:17:18]} 29. Bxh6
{[%clk 0:07:00]} Nxf6 {[%clk 0:16:08]} 30. Bg5 {[%clk 0:05:33]} Ne4
{[%clk 0:16:27]} 31. Bxd8 {[%clk 0:05:57]} Nxg3+ {[%clk 0:16:53]} 32. hxg3
{[%clk 0:06:23]} Rcxd8 {[%clk 0:16:51]} 33. Rae1 {[%clk 0:04:42]} Rxe1
{[%clk 0:15:51]} 34. Rxe1 {[%clk 0:05:11]} Rc8 {[%clk 0:16:10]} 35. Kg2
{[%clk 0:04:14]} Rc4 {[%clk 0:14:57]} 36. Re8+ {[%clk 0:04:24]} Kh7
{[%clk 0:15:23]} 37. Ra8 {[%clk 0:04:12]} Rxd4 {[%clk 0:15:41]} 38. Rxa5
{[%clk 0:04:36]} Rd2+ {[%clk 0:16:06]} 39. Kh3 {[%clk 0:01:44]} Rxb2
{[%clk 0:16:14]} 40. Rh5+ {[%clk 0:32:08]} Kg8 {[%clk 0:45:31]} 41. Rd5
{[%clk 0:32:20]} Ra2 {[%clk 0:45:43]} 42. Rxd6 {[%clk 0:32:16]} Rxa4
{[%clk 0:46:06]} 43. g5 {[%clk 0:28:26]} g6 {[%clk 0:45:14]} 44. Rd4
{[%clk 0:25:29]} Ra5 {[%clk 0:45:37]} 45. Rxb4 {[%clk 0:25:54]} Rxg5
{[%clk 0:46:02]} 1/2-1/2

[Event "Agen 2017 National"]
[Site "?"]
[Date "2017.08.22"]
[Round "4.2"]
[White "Fressinet, Laurent"]
[Black "Gharamian, Tigran"]
[Result "1-0"]
[BlackElo "2616"]
[WhiteElo "2650"]
[LiveChessVersion "1.4.8"]

1. e4 {[%clk 1:28:11]} c6 {[%clk 1:30:38]} 2. d4 {[%clk 1:28:18]} d5
{[%clk 1:31:01]} 3. e5 {[%clk 1:28:45]} Bf5 {[%clk 1:31:24]} 4. Nf3
{[%clk 1:29:10]} e6 {[%clk 1:31:48]} 5. Be2 {[%clk 1:29:35]} Ne7 {[%clk 1:31:55]}
6. c3 {[%clk 1:29:58]} Nd7 {[%clk 1:32:01]} 7. O-O {[%clk 1:30:07]} c5
{[%clk 1:31:52]} 8. dxc5 {[%clk 1:27:19]} Nxc5 {[%clk 1:30:07]} 9. Nd4
{[%clk 1:26:54]} Bg6 {[%clk 1:28:07]} 10. Be3 {[%clk 1:26:33]} Nc6
{[%clk 1:27:04]} 11. Nxc6 {[%clk 1:22:05]} bxc6 {[%clk 1:27:08]} 12. c4
{[%clk 1:22:30]} Be7 {[%clk 1:12:38]} 13. Nc3 {[%clk 1:17:53]} dxc4
{[%clk 1:04:01]} 14. Qxd8+ {[%clk 1:13:16]} Kxd8 {[%clk 1:03:16]} 15. Bxc4
{[%clk 1:11:14]} Kc7 {[%clk 1:03:00]} 16. Rfc1 {[%clk 0:55:27]} Kb7
{[%clk 0:39:39]} 17. Ne2 {[%clk 0:44:57]} Nd3 {[%clk 0:39:41]} 18. Bxd3
{[%clk 0:44:48]} Bxd3 {[%clk 0:40:03]} 19. Nd4 {[%clk 0:44:52]} Be4
{[%clk 0:40:22]} 20. Nb3 {[%clk 0:43:46]} Bd5 {[%clk 0:39:16]} 21. Bc5
{[%clk 0:34:23]} Bd8 {[%clk 0:25:15]} 22. Rc3 {[%clk 0:31:48]} Bb6
{[%clk 0:25:17]} 23. Bd6 {[%clk 0:28:28]} a5 {[%clk 0:18:55]} 24. Nc5+
{[%clk 0:26:52]} Bxc5 {[%clk 0:18:53]} 25. Bxc5 {[%clk 0:27:12]} a4
{[%clk 0:17:29]} 26. Rg3 {[%clk 0:26:44]} Rhg8 {[%clk 0:16:14]} 27. Rg4
{[%clk 0:25:23]} f5 {[%clk 0:16:19]} 28. Rb4+ {[%clk 0:23:04]} Kc8
{[%clk 0:16:45]} 29. Rd1 {[%clk 0:21:26]} Rd8 {[%clk 0:14:42]} 30. f3
{[%clk 0:14:42]} Rd7 {[%clk 0:12:14]} 31. Rdd4 {[%clk 0:13:15]} Ra5
{[%clk 0:12:22]} 32. Bd6 {[%clk 0:12:00]} Rb7 {[%clk 0:11:23]} 33. Rxa4
{[%clk 0:09:46]} Rxa4 {[%clk 0:10:04]} 34. Rxa4 {[%clk 0:10:11]} Rxb2
{[%clk 0:10:26]} 35. Ra8+ {[%clk 0:09:47]} Kd7 {[%clk 0:10:50]} 36. Ra7+
{[%clk 0:10:11]} Ke8 {[%clk 0:10:07]} 37. Re7+ {[%clk 0:07:36]} Kd8
{[%clk 0:10:34]} 38. Rxg7 {[%clk 0:07:53]} Rxa2 {[%clk 0:08:33]} 39. Rg8+
{[%clk 0:05:06]} Kd7 {[%clk 0:09:01]} 40. Rg7+ {[%clk 0:35:31]} Ke8
{[%clk 0:38:36]} 41. h4 {[%clk 0:30:25]} h5 {[%clk 0:34:47]} 42. Re7+
{[%clk 0:28:24]} Kd8 {[%clk 0:35:13]} 43. Rh7 {[%clk 0:28:39]} Ke8
{[%clk 0:30:23]} 44. Rxh5 {[%clk 0:26:20]} Kf7 {[%clk 0:30:49]} 45. Rg5
{[%clk 0:24:20]} Ra8 {[%clk 0:23:33]} 46. h5 {[%clk 0:24:05]} Rh8
{[%clk 0:22:48]} 47. Kh2 {[%clk 0:21:15]} Bc4 {[%clk 0:22:33]} 48. Kg3
{[%clk 0:20:29]} Bf1 {[%clk 0:16:23]} 49. Kh4 {[%clk 0:19:33]} Rh6
{[%clk 0:16:26]} 50. Bc5 {[%clk 0:19:21]} Be2 {[%clk 0:14:40]} 51. Be3
{[%clk 0:19:08]} Bf1 {[%clk 0:15:07]} 52. Rg3 {[%clk 0:18:35]} 1-0

[Event "Agen 2017 National"]
[Site "?"]
[Date "2017.08.22"]
[Round "4.3"]
[White "Lagarde, Maxime"]
[Black "Gozzoli, Yannick"]
[Result "1/2-1/2"]
[BlackElo "2592"]
[WhiteElo "2607"]
[LiveChessVersion "1.4.8"]

1. e4 {[%clk 1:30:59]} e5 {[%clk 1:30:39]} 2. Nf3 {[%clk 1:31:25]} Nc6
{[%clk 1:31:04]} 3. Bc4 {[%clk 1:31:52]} Nf6 {[%clk 1:30:48]} 4. Ng5
{[%clk 1:32:20]} d5 {[%clk 1:28:29]} 5. exd5 {[%clk 1:32:34]} Na5
{[%clk 1:28:42]} 6. Bb5+ {[%clk 1:33:01]} Bd7 {[%clk 1:27:08]} 7. Qe2
{[%clk 1:33:08]} Be7 {[%clk 1:27:21]} 8. Bxd7+ {[%clk 1:33:25]} Qxd7
{[%clk 1:27:44]} 9. c4 {[%clk 1:33:52]} O-O {[%clk 1:13:43]} 10. d3
{[%clk 1:26:16]} b5 {[%clk 1:03:23]} 11. Nc3 {[%clk 1:17:33]} c6 {[%clk 0:59:11]}
12. Nge4 {[%clk 1:12:59]} Nxe4 {[%clk 0:58:49]} 13. dxe4 {[%clk 1:03:45]} Bb4
{[%clk 0:57:24]} 14. O-O {[%clk 0:50:37]} Bxc3 {[%clk 0:53:26]} 15. dxc6
{[%clk 0:49:59]} Qe6 {[%clk 0:50:08]} 16. bxc3 {[%clk 0:47:33]} Nxc4
{[%clk 0:49:26]} 17. c7 {[%clk 0:40:53]} Rfc8 {[%clk 0:47:57]} 18. Rd1
{[%clk 0:35:42]} Rxc7 {[%clk 0:47:41]} 19. Rd5 {[%clk 0:31:21]} Qe8
{[%clk 0:38:54]} 20. Be3 {[%clk 0:28:49]} Rac8 {[%clk 0:32:51]} 21. Rad1
{[%clk 0:28:10]} a6 {[%clk 0:25:58]} 22. R1d3 {[%clk 0:27:29]} h6
{[%clk 0:25:11]} 23. h3 {[%clk 0:16:48]} Kh7 {[%clk 0:24:20]} 24. Kh2
{[%clk 0:15:38]} Qe7 {[%clk 0:22:40]} 25. Qf3 {[%clk 0:07:58]} Nxe3
{[%clk 0:19:39]} 26. Qxe3 {[%clk 0:06:53]} Qg5 {[%clk 0:19:43]} 27. Qxg5
{[%clk 0:04:36]} hxg5 {[%clk 0:20:11]} 28. a4 {[%clk 0:03:14]} f6
{[%clk 0:20:01]} 29. axb5 {[%clk 0:03:36]} axb5 {[%clk 0:20:27]} 30. Rxb5
{[%clk 0:03:59]} Rxc3 {[%clk 0:20:54]} 31. Rxc3 {[%clk 0:04:17]} Rxc3
{[%clk 0:21:20]} 32. f3 {[%clk 0:04:39]} Rc2 {[%clk 0:21:44]} 33. Rb7
{[%clk 0:04:59]} Rd2 {[%clk 0:22:09]} 34. Ra7 {[%clk 0:05:25]} Rc2
{[%clk 0:22:35]} 35. Rb7 {[%clk 0:05:52]} Rd2 {[%clk 0:23:01]} 36. Ra7
{[%clk 0:06:18]} Rc2 {[%clk 0:23:28]} 37. Rb7 1/2-1/2

[Event "Agen 2017 National"]
[Site "?"]
[Date "2017.08.22"]
[Round "4.4"]
[White "Chabanon, Jean-Luc"]
[Black "Bauer, Christian"]
[Result "0-1"]
[BlackElo "2650"]
[WhiteElo "2467"]
[LiveChessVersion "1.4.8"]

1. d4 Nf6 2. Nf3 {[%clk 1:30:13]} d6 {[%clk 1:26:58]} 3. c4 {[%clk 1:28:31]} g6
{[%clk 1:27:22]} 4. Nc3 {[%clk 1:28:40]} Bf5 {[%clk 1:26:31]} 5. g3
{[%clk 1:13:53]} Bg7 {[%clk 1:23:05]} 6. Bg2 {[%clk 1:13:11]} Ne4
{[%clk 1:16:07]} 7. Qb3 {[%clk 1:05:34]} Nxc3 {[%clk 1:14:44]} 8. bxc3
{[%clk 1:05:55]} Bc8 {[%clk 1:13:53]} 9. O-O {[%clk 0:49:49]} O-O
{[%clk 1:13:08]} 10. e4 {[%clk 0:50:15]} Nc6 {[%clk 1:11:34]} 11. Ba3
{[%clk 0:40:58]} b6 {[%clk 1:03:47]} 12. c5 {[%clk 0:25:01]} bxc5
{[%clk 0:50:48]} 13. dxc5 {[%clk 0:25:07]} Rb8 {[%clk 0:46:24]} 14. Qc4
{[%clk 0:16:52]} Be6 {[%clk 0:35:05]} 15. Qa6 {[%clk 0:12:10]} Qe8
{[%clk 0:28:08]} 16. Rac1 {[%clk 0:11:28]} Bc8 {[%clk 0:23:43]} 17. Qd3
{[%clk 0:09:55]} a5 {[%clk 0:22:28]} 18. Rb1 {[%clk 0:09:28]} Be6
{[%clk 0:19:31]} 19. Qc2 {[%clk 0:08:15]} Bc4 {[%clk 0:13:53]} 20. Rxb8
{[%clk 0:06:57]} Qxb8 {[%clk 0:13:58]} 21. Rb1 {[%clk 0:07:18]} Qc8
{[%clk 0:13:18]} 22. Nd4 {[%clk 0:06:30]} Ne5 {[%clk 0:10:40]} 23. Bf1
{[%clk 0:06:24]} Bxf1 {[%clk 0:08:05]} 24. Rxf1 {[%clk 0:06:30]} Qa6
{[%clk 0:06:54]} 25. f4 {[%clk 0:06:32]} Ng4 {[%clk 0:03:31]} 26. Re1
{[%clk 0:05:52]} Qc4 {[%clk 0:01:23]} 27. Nc6 {[%clk 0:01:34]} Re8
{[%clk 0:01:48]} 28. Qb3 {[%clk 0:00:41]} Qd3 {[%clk 0:01:26]} 29. Qd5
{[%clk 0:00:31]} Qc2 {[%clk 0:00:56]} 0-1

[Event "Agen 2017 National"]
[Site "?"]
[Date "2017.08.22"]
[Round "4.5"]
[White "Cornette, Matthieu"]
[Black "Maze, Sebastien"]
[Result "1/2-1/2"]
[BlackElo "2612"]
[WhiteElo "2609"]
[LiveChessVersion "1.4.8"]

1. e4 {[%clk 1:30:57]} e5 {[%clk 1:25:15]} 2. Nf3 {[%clk 1:31:22]} Nc6
{[%clk 1:25:39]} 3. Bb5 {[%clk 1:31:00]} Nf6 {[%clk 1:25:25]} 4. O-O
{[%clk 1:31:12]} Nxe4 {[%clk 1:25:46]} 5. d4 {[%clk 1:31:31]} Nd6
{[%clk 1:25:59]} 6. dxe5 {[%clk 1:31:42]} Nxb5 {[%clk 1:26:23]} 7. a4
{[%clk 1:32:09]} Nbd4 {[%clk 1:26:27]} 8. Nxd4 {[%clk 1:32:33]} Nxd4
{[%clk 1:26:53]} 9. Qxd4 {[%clk 1:32:52]} d5 {[%clk 1:27:06]} 10. exd6
{[%clk 1:33:11]} Qxd6 {[%clk 1:27:27]} 11. Qe3+ {[%clk 1:33:28]} Be6
{[%clk 1:26:43]} 12. Nc3 {[%clk 1:31:58]} a6 {[%clk 1:26:09]} 13. Rd1
{[%clk 1:28:26]} Qc6 {[%clk 1:26:26]} 14. Rd3 {[%clk 1:28:10]} Bc5
{[%clk 1:24:59]} 15. Qe4 {[%clk 1:20:01]} Qxe4 {[%clk 1:23:41]} 16. Nxe4
{[%clk 1:18:56]} Be7 {[%clk 1:24:09]} 17. Bf4 {[%clk 1:19:06]} O-O
{[%clk 1:24:27]} 18. Re1 {[%clk 1:18:22]} Rac8 {[%clk 1:24:17]} 19. Ng5
{[%clk 1:17:31]} Bxg5 {[%clk 1:24:39]} 20. Bxg5 {[%clk 1:17:57]} Bf5
{[%clk 1:24:56]} 21. Rd2 {[%clk 1:17:57]} Rfe8 {[%clk 1:25:21]} 22. Rxe8+
{[%clk 1:17:32]} Rxe8 {[%clk 1:25:41]} 23. Rd8 {[%clk 1:17:32]} Bd7
{[%clk 1:25:19]} 24. Rxe8+ {[%clk 1:17:19]} Bxe8 {[%clk 1:25:46]} 25. a5
{[%clk 1:17:42]} Ba4 {[%clk 1:26:11]} 26. Bf4 {[%clk 1:17:59]} Bxc2
{[%clk 1:26:36]} 27. Bxc7 {[%clk 1:18:26]} Be4 {[%clk 1:27:00]} 28. Bd6
{[%clk 1:18:48]} Bc2 {[%clk 1:27:25]} 29. Bc7 {[%clk 1:19:12]} Be4
{[%clk 1:27:52]} 30. Bd6 {[%clk 1:19:39]} Bc2 {[%clk 1:28:18]} 31. Bc7 1/2-1/2

[Event "Agen 2017 - National Féminin"]
[Site "?"]
[Date "2017.08.22"]
[Round "4.1"]
[White "Benmesbah, Natacha"]
[Black "Milliet, Sophie"]
[Result "0-1"]
[BlackElo "2362"]
[WhiteElo "2271"]
[LiveChessVersion "1.4.8"]

1. e4 {[%clk 1:26:51]} c5 {[%clk 1:30:55]} 2. Nf3 {[%clk 1:27:00]} Nc6
{[%clk 1:31:20]} 3. Bb5 {[%clk 1:27:19]} d6 {[%clk 1:31:45]} 4. O-O
{[%clk 1:27:10]} Bd7 {[%clk 1:32:09]} 5. Re1 {[%clk 1:27:34]} Nf6
{[%clk 1:32:33]} 6. c3 {[%clk 1:27:58]} a6 {[%clk 1:32:52]} 7. Bf1
{[%clk 1:28:01]} Bg4 {[%clk 1:32:48]} 8. d4 {[%clk 1:27:13]} cxd4
{[%clk 1:33:07]} 9. cxd4 {[%clk 1:27:39]} e5 {[%clk 1:33:30]} 10. d5
{[%clk 1:28:04]} Nd4 {[%clk 1:33:52]} 11. Be3 {[%clk 1:28:27]} Nxf3+
{[%clk 1:34:10]} 12. gxf3 {[%clk 1:28:54]} Bd7 {[%clk 1:34:35]} 13. a4
{[%clk 1:24:56]} Be7 {[%clk 1:34:56]} 14. Qb3 {[%clk 1:22:52]} O-O
{[%clk 1:34:59]} 15. Qxb7 {[%clk 1:19:04]} Nh5 {[%clk 1:35:04]} 16. Nd2
{[%clk 1:16:23]} Bg5 {[%clk 1:34:02]} 17. Nc4 {[%clk 1:09:30]} Bxe3
{[%clk 1:33:51]} 18. fxe3 {[%clk 1:04:46]} f5 {[%clk 1:34:05]} 19. exf5
{[%clk 0:59:15]} Bxf5 {[%clk 1:33:08]} 20. Rac1 {[%clk 0:50:10]} Rb8
{[%clk 1:04:54]} 21. Qxa6 {[%clk 0:47:46]} Qg5+ {[%clk 1:03:35]} 22. Kh1
{[%clk 0:48:13]} Be4 {[%clk 0:51:58]} 23. fxe4 {[%clk 0:42:27]} Rf2
{[%clk 0:51:59]} 24. Nxd6 {[%clk 0:35:47]} Ng3+ {[%clk 0:50:57]} 25. Kg1
{[%clk 0:36:14]} Nxe4+ {[%clk 0:51:16]} 26. Kh1 {[%clk 0:36:42]} Rxh2+
{[%clk 0:51:31]} 0-1

[Event "Agen 2017 - National Féminin"]
[Site "?"]
[Date "2017.08.22"]
[Round "4.2"]
[White "Maisuradze, Nino"]
[Black "Collas, Silvia"]
[Result "1-0"]
[BlackElo "2289"]
[WhiteElo "2280"]
[LiveChessVersion "1.4.8"]

1. d4 {[%clk 1:30:59]} Nf6 {[%clk 1:30:41]} 2. c4 {[%clk 1:31:20]} e6
{[%clk 1:30:39]} 3. Nc3 {[%clk 1:31:37]} Bb4 {[%clk 1:30:40]} 4. Qc2
{[%clk 1:31:57]} O-O {[%clk 1:29:12]} 5. Nf3 {[%clk 1:32:05]} d6 {[%clk 1:27:19]}
6. Bd2 c5 {[%clk 1:11:18]} 7. dxc5 {[%clk 1:21:47]} dxc5 {[%clk 1:11:29]} 8.
O-O-O {[%clk 1:20:43]} Nc6 {[%clk 1:00:19]} 9. e3 {[%clk 1:19:28]} Nd7
{[%clk 0:51:49]} 10. a3 {[%clk 1:17:45]} Ba5 {[%clk 0:51:35]} 11. g4
{[%clk 1:04:47]} Qf6 {[%clk 0:38:15]} 12. Be2 {[%clk 0:52:10]} Rd8
{[%clk 0:38:31]} 13. g5 {[%clk 0:43:59]} Qe7 {[%clk 0:38:56]} 14. h4
{[%clk 0:39:02]} Nf8 {[%clk 0:36:57]} 15. h5 {[%clk 0:38:24]} Bxc3
{[%clk 0:28:52]} 16. Bxc3 {[%clk 0:38:12]} Rxd1+ {[%clk 0:29:16]} 17. Rxd1
{[%clk 0:35:59]} e5 {[%clk 0:29:30]} 18. Qe4 {[%clk 0:32:29]} f5 {[%clk 0:28:23]}
19. gxf6 {[%clk 0:32:21]} gxf6 {[%clk 0:28:46]} 20. Rg1+ {[%clk 0:31:42]} Kh8
{[%clk 0:27:25]} 21. Bd3 {[%clk 0:23:05]} Bd7 {[%clk 0:23:53]} 22. Nh4
{[%clk 0:21:58]} Ne6 {[%clk 0:19:48]} 23. Nf5 {[%clk 0:22:20]} Qf8
{[%clk 0:11:01]} 24. f4 {[%clk 0:14:50]} Re8 {[%clk 0:06:25]} 25. h6
{[%clk 0:14:35]} exf4 {[%clk 0:04:22]} 26. Ng7 {[%clk 0:08:08]} Ng5
{[%clk 0:03:32]} 27. Qxf4 {[%clk 0:05:41]} Ne5 {[%clk 0:03:38]} 28. Bxe5
{[%clk 0:03:32]} Rxe5 {[%clk 0:04:06]} 29. Rf1 {[%clk 0:02:25]} Ne6
{[%clk 0:02:09]} 30. Nxe6 {[%clk 0:01:46]} Rxe6 {[%clk 0:02:35]} 31. Bf5
{[%clk 0:00:56]} Rd6 {[%clk 0:02:55]} 32. Bxd7 {[%clk 0:01:16]} Rxd7
{[%clk 0:03:20]} 33. Qxf6+ {[%clk 0:01:06]} Qxf6 {[%clk 0:03:46]} 34. Rxf6
{[%clk 0:01:35]} Kg8 {[%clk 0:04:11]} 35. Kc2 {[%clk 0:01:25]} Rf7
{[%clk 0:04:12]} 36. Re6 {[%clk 0:00:44]} Rf2+ {[%clk 0:03:59]} 37. Kc3
{[%clk 0:01:01]} Rh2 {[%clk 0:02:12]} 38. Re7 {[%clk 0:00:45]} b6
{[%clk 0:02:11]} 39. Rg7+ {[%clk 0:00:47]} Kh8 {[%clk 0:02:31]} 40. Rxa7
{[%clk 0:31:10]} Rxh6 {[%clk 0:32:54]} 41. b4 {[%clk 0:26:35]} Re6
{[%clk 0:32:18]} 42. Kd3 {[%clk 0:26:35]} h5 {[%clk 0:32:30]} 43. Ra6
{[%clk 0:22:22]} Rd6+ {[%clk 0:11:35]} 44. Kc3 {[%clk 0:15:57]} cxb4+
{[%clk 0:08:41]} 45. axb4 {[%clk 0:16:26]} Re6 {[%clk 0:09:05]} 46. c5
{[%clk 0:13:21]} Rxe3+ {[%clk 0:09:30]} 47. Kd4 {[%clk 0:13:44]} Rb3
{[%clk 0:09:55]} 48. Kc4 {[%clk 0:13:27]} Rg3 {[%clk 0:09:03]} 49. cxb6
{[%clk 0:13:04]} Rg4+ {[%clk 0:07:24]} 50. Kb5 {[%clk 0:13:12]} Rg5+
{[%clk 0:07:48]} 51. Ka4 {[%clk 0:13:23]} 1-0